000 00882nam a2200253Ia 4500
003 OSt
005 20221005113027.0
006 a|||||r|||| 00| 0
007 ta
008 221004b |||||||| |||| 00| 0 pan d
020 _c135
024 _a116813
037 _b554, 14/12/2011, H.K. Prakashan
_cTextual
040 _aCRL
_cCRL
_bpan
041 _2pan
_apan
082 _aO153:g, P5
100 _aਅਰੀ, ਗੁਰਚਰਨ ਸਿੰਘ
245 0 _aਉੱਤਰਸੰਰਚਨਾਵਾਦ ਅਤੇ ਪੰਜਾਬੀ ਚਿੰਤਨ
260 _aਦਿੱਲੀ
_bਪੰਜਾਬੀ ਅਕਾਦਮੀ ਭਾਰਤ
_c2005
300 _a156ਪੰ
_ccm.
650 _aਪੰਜਾਬੀ ਸਾਹਿਤ
942 _hO153:g, P5
_cTEXL
_2cc
999 _c1026814
_d1026814